|
|
|
|
| LEADER |
01185nam a2200337Ia 4500 |
| 001 |
EBC320241 |
| 003 |
MiAaPQ |
| 005 |
20200520144314.0 |
| 006 |
m o d | |
| 007 |
cr cn||||||||| |
| 008 |
060509r20062004enk sd 000 0 eng d |
| 020 |
|
|
|z 0713679182 (pbk.)
|
| 035 |
|
|
|a (MiAaPQ)EBC320241
|
| 035 |
|
|
|a (Au-PeEL)EBL320241
|
| 035 |
|
|
|a (CaPaEBR)ebr10196651
|
| 035 |
|
|
|a (CaONFJC)MIL45891
|
| 035 |
|
|
|a (OCoLC)935265053
|
| 040 |
|
|
|a MiAaPQ
|c MiAaPQ
|d MiAaPQ
|
| 050 |
|
4 |
|a HF1001
|b .C65 2006
|
| 100 |
1 |
|
|a Collin, P. H.
|q (Peter Hodgson)
|
| 245 |
1 |
0 |
|a Dictionary of business
|h [electronic resource] /
|c P. H. Collin.
|
| 250 |
|
|
|a 4th ed. [reprint].
|
| 260 |
|
|
|a London :
|b A & C Black,
|c 2006.
|
| 300 |
|
|
|a 453 p.
|
| 500 |
|
|
|a Previous ed.: London: Peter Collin, 2004.
|
| 533 |
|
|
|a Electronic reproduction. Ann Arbor, MI : ProQuest, 2015. Available via World Wide Web. Access may be limited to ProQuest affiliated libraries.
|
| 650 |
|
0 |
|a Business
|v Dictionaries.
|
| 650 |
|
0 |
|a Business
|v Terminology.
|
| 655 |
|
4 |
|a Electronic books.
|
| 710 |
2 |
|
|a ProQuest (Firm)
|
| 856 |
4 |
0 |
|u https://ebookcentral.proquest.com/lib/matrademy/detail.action?docID=320241
|z Click to View
|